00557 2200205 4500001002100000005001500021035002000036001002100056005001500077035002000092245007800112100001700190250001700207300003000224260003900254082001000293084001600303020002200319600001000341INLIS00000000000083220250108123050 a0010-0125000005INLIS00000000000083120250108122043 a0010-01250000041 aEnsiklopedia Visual Ilmu Pengetahuan Populer 3 :bIlmuwan /cAprio Rabadi0 aAprio Rabadi acetakan ke-1 a56 hlm :bilus ;c21,5 cm aBekasi :bUranus Publishing,c2011 a520.3 a520.3 APR e a978-602-863-741-1 4aSains